|
|
|
|
| LEADER |
00000nam a22000005a 4500 |
| 001 |
2010 |
| 003 |
CL-ChBUA |
| 005 |
20120815102747.0 |
| 008 |
070301s1991 xxu 000 0 spa |
| 020 |
|
|
|a 1560631570
|
| 040 |
|
|
|a CL-ChBUA
|c CL-ChBUA
|
| 082 |
0 |
0 |
|a 241.697
|
| 090 |
|
|
|c 2010
|d 2010
|
| 100 |
1 |
|
|a Mottesi, Noemi.
|
| 245 |
1 |
0 |
|a Aborto :
|b cartas a una amiga
|
| 260 |
|
|
|b Unilit.
|c 1991.
|
| 300 |
|
|
|a 28 p.
|c 18 cm.
|
| 650 |
|
4 |
|a ABORTO.
|
| 942 |
|
|
|c LIB
|
| 952 |
|
|
|0 0
|1 0
|4 0
|7 0
|9 2906
|a UNACH
|b UNACH
|c 200
|d 2007-03-05
|i 27.381.
|l 2
|m 2
|o 241.697 6 / M 922.
|p 3905
|r 2017-11-13 00:00:00
|s 2015-11-12
|u 2906
|w 2012-08-08
|y LIB
|k 241.697 6 / M 922.
|
| 999 |
|
|
|c 2010
|d 2010
|